00906nab a2200241 uc450000100070000000500170000700800410002403500110006503500210007604000130009704100080011010000400011824501040015865000180026265000420028065000440032265000400036670000470040670000370045377301450049094200100063599900190064560789520251002100640.0000713e19991001 spa  a607895 a(OCoLC)819837561 ccomduadb aspa10aAnqueira, Jose A.4auteaut931102013aEl sindrome de agotamiento y el ambiente de trabajo en una muestra de maestros de escuela elemental aFatiga942563 7aCondiciones de trabajo2unescot91398 aMaestros de educación básica965830 aIntervención psicológica96968910aAndujar Rojas, Carlos A.4auteaut929102310aFigueroa, Jose4auteaut93089930 tRevista Interamericana de Psicología Ocupacional (Medellín)gVolúmen 18, Número 02, Octubre 1999, p. 76-88w149370x0120-3800074900 cARIMP c185023d185023